Text book of periodontology/ (Record no. 7965)

MARC details
000 -LEADER
fixed length control field 00591 a2200181 4500
010 ## - LCCN (DPL NO)
LC control number ENG-88258
020 ## - INTERNATIONAL STANDARD BOOK NUMBER
International Standard Book Number 818004016X
Terms of availability 445.00
035 ## - SYSTEM CONTROL NUMBER
System control number EN-71791
037 ## - SOURCE OF ACQUISITION
Source of stock number/acquisition DBAD / PUB
082 ## - DEWEY DECIMAL CLASSIFICATION NUMBER
Classification number 617.6320754
100 ## - MAIN ENTRY--PERSONAL NAME
Personal name Gururaja Rao, T.R.
245 ## - TITLE STATEMENT
Title Text book of periodontology/
Statement of responsibility, etc by T.R. Gururaja Rao
250 ## - EDITION STATEMENT
Edition statement 2nd rev. ed
260 ## - PUBLICATION, DISTRIBUTION, ETC. (IMPRINT)
Place of publication, distribution, etc New Delhi
Name of publisher, distributor, etc All India Publishers & Distributors
Date of publication, distribution, etc 2007
270 ## - ADDRESS
Address 4380/4B, Ansari Road, Darya Ganj,
City New Delhi
Postal code 110 002
300 ## - PHYSICAL DESCRIPTION
Extent xxxxiv, 578p.
Dimensions 24cm (Hb )
Other physical details b&w, col.photos
942 ## - ADDED ENTRY ELEMENTS (KOHA)
Institution code [OBSOLETE] dpl
Item type English Books
Source of classification or shelving scheme Dewey Decimal Classification
Classification part 617.6320754
Call number suffix GUR
Holdings
Withdrawn status Lost status Not for loan Collection code Home library Current library Source of acquisition Cost, normal purchase price Full call number Barcode Copy number Cost, replacement price Koha item type
    Not For Loan Non-fiction D.B.Act.Division D.B.Act.Division DBAD/PUB 445.00 617.6320754 GUR EN-71791 1 445.00 English Books

© Delhi Public Library
Hit Counter
free hit counter